000 00684nam a2200289Ia 4500
005 20260324145903.0
008 008 260324s9999 xx 000 0 eng d
020 _a9781003162377
037 _aEBOOK
040 _aCRL
040 _beng
040 _cCRL
041 _2eng
041 _aeng
084 _qCRL
100 _aE. Roy John
_91224538
245 0 _aNeurometrics
245 0 _bClinical Applications of Quantitative Electrophysiology
260 _bTaylor and Francis
260 _c1977
365 _a
365 _b205
856 _uhttp://www.taylorfrancis.com/books/9781003162377
942 _cEBOOK
999 _c1833077
_d1833077